Etnia /
Guardado en:
| Autor Corporativo: | |
|---|---|
| Formato: | Revista |
| Idioma: | Spanish |
| Publicado: |
Olavarría :
Eudeba,
1965- .
|
| Materias: | |
| Acceso en línea: | nro. 44/45, 2000-2002 disponible en formato PDTexto completo |
| Etiquetas: |
Agregar Etiqueta
Sin Etiquetas, Sea el primero en etiquetar este registro!
|
| LEADER | 00860nas a2200193 4500 | ||
|---|---|---|---|
| 001 | CARPC.003209 | ||
| 005 | 20080606161600.0 | ||
| 008 | 040213c19659999ag#f|#p#######0###b0spa|| | ||
| 022 | |a 0046-2632 | ||
| 210 | 0 | |a Etnia | |
| 245 | 0 | 0 | |a Etnia / |c Museo Etnográfico Municipal "Dámaso Arce" ; Instituto de Investigaciones Antropológicas. |
| 260 | |a Olavarría : |b Eudeba, |c 1965- . | ||
| 310 | |a Semestral. | ||
| 362 | 0 | |a No. 1 (1965)- . | |
| 710 | 2 | |a Museo Etnográfico Municipal "Dámaso Arce" ; Instituto de Investigaciones Antropológicas | |
| 653 | |a Antropologia | ||
| 653 | |a Etnologia | ||
| 856 | 4 | |3 Texto completo |u http://www.olavarria.gov.ar/etnia |z nro. 44/45, 2000-2002 disponible en formato PDTexto completo | |
| 866 | |9 EHU |a 1965-1967; 1968 (8); 1969-1973; 1974 (20); 1975-1976; 1978-1979; 1984-1998/1999; 2004 (46/47). 1972 (11) S; 1973 (12) S; 1975 (16) S |s 572.7/Et57 | ||
